header

Women, incarceration, and human rights violations : (Record no. 120427)

MARC details
000 -LEADER
fixed length control field 02088nam a2200457 i 4500
001 - CONTROL NUMBER
control field ebr10759679
003 - CONTROL NUMBER IDENTIFIER
control field CaPaEBR
006 - FIXED-LENGTH DATA ELEMENTS--ADDITIONAL MATERIAL CHARACTERISTICS--GENERAL INFORMATION
fixed length control field m o d
007 - PHYSICAL DESCRIPTION FIXED FIELD--GENERAL INFORMATION
fixed length control field cr cn|||||||||
008 - FIXED-LENGTH DATA ELEMENTS--GENERAL INFORMATION
fixed length control field 130322t20132013enk ob 001 0 eng|d
020 ## - INTERNATIONAL STANDARD BOOK NUMBER
Cancelled/invalid ISBN 9781409457695 (hardback : alk. paper)
International Standard Book Number 9781409457701 (e-book)
040 ## - CATALOGING SOURCE
Original cataloging agency CaPaEBR
Language of cataloging eng
Description conventions rda
-- pn
Transcribing agency CaPaEBR
035 ## - SYSTEM CONTROL NUMBER
System control number (OCoLC)858763032
050 14 - LIBRARY OF CONGRESS CALL NUMBER
Classification number HV8738
Item number .V378 2013eb
082 04 - DEWEY DECIMAL CLASSIFICATION NUMBER
Classification number 365/.6
Edition number 23
100 1# - MAIN ENTRY--PERSONAL NAME
Personal name Van Gundy, Alana.
245 10 - TITLE STATEMENT
Title Women, incarceration, and human rights violations :
Remainder of title feminist criminology and corrections /
Statement of responsibility, etc Alana Van Gundy and Amy Baumann-Grau.
264 #1 - PRODUCTION, PUBLICATION, DISTRIBUTION, MANUFACTURE, AND COPYRIGHT NOTICE
Place of production, publication, distribution, manufacture Farnham, Surrey :
Name of producer, publisher, distributor, manufacturer Ashgate,
Date of production, publication, distribution, manufacture, or copyright notice [2013]
Date of production, publication, distribution, manufacture, or copyright notice �2013
300 ## - PHYSICAL DESCRIPTION
Extent 1 online resource (0 pages).
336 ## - CONTENT TYPE
Content type term text
Source rdacontent
337 ## - MEDIA TYPE
Media type term computer
Source rdamedia
338 ## - CARRIER TYPE
Carrier type term online resource
Source rdacarrier
440 #0 - SERIES STATEMENT/ADDED ENTRY--TITLE
Title Solving social problems
504 ## - BIBLIOGRAPHY, ETC. NOTE
Bibliography, etc Includes bibliographical references and index.
505 0# - FORMATTED CONTENTS NOTE
Formatted contents note Feminist criminology, gender-specificity, and human rights -- Sexual abuse -- Medical abuse -- Pregnancy in corrections -- Family and relationships -- Discussion and policy recommendations.
588 ## - SOURCE OF DESCRIPTION NOTE
Source of description note Description based on print version record.
590 ## - LOCAL NOTE (RLIN)
Local note Electronic reproduction. Palo Alto, Calif. : ebrary, 2013. Available via World Wide Web. Access may be limited to ebrary affiliated libraries.
650 #0 - SUBJECT ADDED ENTRY--TOPICAL TERM
Topical term or geographic name as entry element Women prisoners
General subdivision Abuse of.
Topical term or geographic name as entry element Feminist criminology.
Topical term or geographic name as entry element Women's rights.
Topical term or geographic name as entry element Women
General subdivision Crimes against.
Topical term or geographic name as entry element Human rights.
Topical term or geographic name as entry element Prison administration.
655 #0 - INDEX TERM--GENRE/FORM
Genre/form data or focus term Electronic books.
700 1# - ADDED ENTRY--PERSONAL NAME
Personal name Baumann-Grau, Amy.
776 08 - ADDITIONAL PHYSICAL FORM ENTRY
Display text Print version:
Main entry heading Van Gundy, Alana.
Title Women, incarceration, and human rights violations : feminist criminology and corrections.
Place, publisher, and date of publication Farnham, Surrey : Ashgate, [2013]
Physical description 147 pages
Series data for related item Solving social problems
International Standard Book Number 9781409457695
Record control number (DLC) 2013007767
797 2# - LOCAL ADDED ENTRY--CORPORATE NAME (RLIN)
Corporate name or jurisdiction name as entry element ebrary.
856 40 - ELECTRONIC LOCATION AND ACCESS
Uniform Resource Identifier <a href="http://site.ebrary.com/lib/rucke/Doc?id=10759679">http://site.ebrary.com/lib/rucke/Doc?id=10759679</a>
Public note An electronic book accessible through the World Wide Web; click to view

No items available.

© 2026 Rongo University
Contact us: librarian | system librarian | Rongo university